00510nam a2200157 a 4500008004100000020001500041050001300056100002100069245011500090260003600205350000900241650003300250650003700283700001700320710001500337071019s1999 ||||||||||||||||| || u a0821344188 aIBRD(02) aShaban, Radwan A10aDevelopment under adversity: the Palestinian economy in transitioncEdited by Ishac Diwan and Radwan A. Shaban aWashing, D.C.bWorld Bankc1999 a0.00 aPALESTINE -- ECONOMIC POLICY aPALESTINE -- ECONOMIC CONDITIONS aDiwan, Ishac aWorld Bank